Observation of RF pulses from solids during laser irradiation; Physica status solidi (a); Vol. 85, Iss. 1

Dades bibliogràfiques
Parent link:Physica status solidi (a).— , 1970-
Vol. 85, Iss. 1.— 1984.— P. K31-K33
Altres autors: Pogrebnyak A. D., Mastov Sh. R., Kuznetsov M. F., Arefyev (Afef'ev, Arefiev) K. P. Konstantin Petrovich, Rakitin S. V., Vorobiev S. A.
Sumari:В фонде НТБ ТПУ отсутствует
Idioma:anglès
Publicat: 1984
Matèries:
Format: MixedMaterials Capítol de llibre
KOHA link:https://koha.lib.tpu.ru/cgi-bin/koha/opac-detail.pl?biblionumber=598354

MARC

LEADER 00000naa0a2200000 4500
001 598354
005 20250314162231.0
035 |a (RuTPU)RU\TPU\tpu\21985 
035 |a RU\TPU\tpu\21888 
090 |a 598354 
100 |a 20121109d1984 k||y0rusy50 ba 
101 0 |a eng 
102 |a US 
200 1 |a Observation of RF pulses from solids during laser irradiation  |f A. D. Pogrebnyak [et al.] 
333 |a В фонде НТБ ТПУ отсутствует 
461 |t Physica status solidi (a)  |d 1970- 
463 |t Vol. 85, Iss. 1  |v P. K31-K33  |d 1984 
610 1 |a труды учёных ТПУ 
701 1 |a Pogrebnyak  |b A. D. 
701 1 |a Mastov  |b Sh. R. 
701 1 |a Kuznetsov  |b M. F. 
701 1 |a Arefyev (Afef'ev, Arefiev)  |b K. P.  |c physicist  |c Professor of Tomsk Polytechnic University, Doctor of physical and mathematical sciences  |c A Corresponding Member of Russian Academy of Natural Sciences (RANS/RAEN)  |f 1947-  |g Konstantin Petrovich  |3 (RuTPU)RU\TPU\pers\29714  |4 070  |9 14208 
701 1 |a Rakitin  |b S. V. 
701 1 |a Vorobiev  |b S. A. 
801 1 |a RU  |b 63413507  |c 20120913 
801 2 |a RU  |b 63413507  |c 20130204  |g RCR 
942 |c CR